000 00577nam a2200253Ia 4500
005 20260121154729.0
008 008 260114s9999 xx 000 0 eng d
020 _a9781003146940
037 _aEBOOK
040 _aCRL
040 _beng
040 _cCRL
041 _2eng
041 _aeng
084 _qCRL
100 _a Kate Craig
_91010802
245 0 _aMobile Saints
260 _bTaylor and Francis
260 _c2021
856 _uhttp://www.taylorfrancis.com/books/9781003146940
942 _cEBOOK
999 _c1577623
_d1577623